Direction of trade statistics

Uložené v:
Podrobná bibliografia
Médium: Seriál
Jazyk:English
Vydavateľské údaje: Washington International Monetary Fund 2003
Predmet:
Tagy: Pridať tag
Žiadne tagy, Buďte prvý, kto otaguje tento záznam!

MARC

LEADER 00000nas2a22000001 4500
001 0052445
005 20070202122325.2
022 |a 0252-306X 
041 0 |a eng 
044 |a US 
245 1 0 |a Direction of trade statistics 
264 1 |a Washington  |b International Monetary Fund  |c 2003 
773 0 |w eu_un_cat*s120128 
610 2 0 |a obchod medzinárodný 
610 2 0 |a Medzinárodný menový fond 
610 2 0 |a údaje štatistické medzinárodné